| 000 | 00779nam a2200229 a 4500 | ||
|---|---|---|---|
| 003 | OSt | ||
| 005 | 20130528133959.0 | ||
| 008 | 130527s1995 ag ||||| |||| 00| 0 spa d | ||
| 040 | _cBiblioteca Medicina | ||
| 041 | _aspa | ||
| 082 | _aOMS CLAP 1317 | ||
| 100 | 1 |
_aEdgar Cobo _92366 |
|
| 245 | 0 | 0 | _aEstados hipertensivos del embarazo |
| 250 | _a1° ed. | ||
| 260 |
_aCali _bCentro Latinoamericano de Perinatologia y Desarrollo Humano; _bOPS; _bOMS; _bOMS; _cPrograma Especial de Salud materno-Infantil y Poblacion |
||
| 300 | _a92 p. | ||
| 653 | _aCOMPLICACIONES DEL EMBARAZO | ||
| 653 | _aHIPERTENSION Y EMBARAZO | ||
| 653 | _aOBSTETRICIA | ||
| 942 |
_2ddc _cPH |
||
| 999 |
_c1465 _d1465 |
||
| 952 |
_pH0005 _40 _00 _bBFM _10 _oOMS CLAP 1317 _d2013-05-28 _tEj. 1 _8NFIC _70 _cCR _2ddc _yPH _aBFM |
||